Terrible, awful, horrible manners / (Record no. 210803)
[ view plain ]
| 000 -LEADER | |
|---|---|
| fixed length control field | 01654cam a2200445 a 4500 |
| 001 - CONTROL NUMBER | |
| control field | 748290781 |
| 003 - CONTROL NUMBER IDENTIFIER | |
| control field | OCoLC |
| 005 - DATE AND TIME OF LATEST TRANSACTION | |
| control field | 20170807133610.0 |
| 008 - FIXED-LENGTH DATA ELEMENTS--GENERAL INFORMATION | |
| fixed length control field | 110824r20122011mnua a 000 1 eng c |
| 010 ## - LIBRARY OF CONGRESS CONTROL NUMBER | |
| LC control number | 2011034043 |
| 020 ## - INTERNATIONAL STANDARD BOOK NUMBER | |
| International Standard Book Number | 9781404874190 |
| 020 ## - INTERNATIONAL STANDARD BOOK NUMBER | |
| International Standard Book Number | 1404874194 |
| 035 ## - SYSTEM CONTROL NUMBER | |
| System control number | (OCoLC)748290781 |
| 040 ## - CATALOGING SOURCE | |
| Original cataloging agency | ZQP/DLC |
| Language of cataloging | eng |
| Transcribing agency | ZQP |
| Modifying agency | DLC |
| -- | OCLCO |
| 042 ## - AUTHENTICATION CODE | |
| Authentication code | pcc |
| -- | lcac |
| 050 00 - LIBRARY OF CONGRESS CALL NUMBER | |
| Classification number | PZ7.B6989 |
| Item number | Ter 2012 |
| 082 00 - DEWEY DECIMAL CLASSIFICATION NUMBER | |
| Classification number | [E] |
| Edition number | 23 |
| 092 ## - LOCALLY ASSIGNED DEWEY CALL NUMBER (OCLC) | |
| Classification number | E BEHAVIOR BIN |
| 100 1# - MAIN ENTRY--PERSONAL NAME | |
| Personal name | Bracken, Beth. |
| 9 (RLIN) | 5707447 |
| 245 10 - TITLE STATEMENT | |
| Title | Terrible, awful, horrible manners / |
| Statement of responsibility, etc | by Beth Bracken ; illustrated by Richard Watson. |
| 260 ## - PUBLICATION, DISTRIBUTION, ETC. (IMPRINT) | |
| Place of publication, distribution, etc | North Mankato, Minn. : |
| Name of publisher, distributor, etc | Picture Window Books, |
| Date of publication, distribution, etc | c2012. |
| 264 ## - Publisher, distributor, etc. | |
| Place of production, publication, distribution, manufacture | North Mankato, Minn. |
| Name of producer, publisher, distributor, manufacturer | Picture Window Books |
| Date of production, publication, distribution, manufacture, or copyright notice | 2012 |
| 300 ## - PHYSICAL DESCRIPTION | |
| Extent | 1 v. (unpaged) : |
| Other physical details | col. ill. ; |
| Dimensions | 19 cm. |
| 336 ## - CONTENT TYPE | |
| Content type term | text |
| 337 ## - MEDIA TYPE | |
| Media type term | unmediated |
| 338 ## - CARRIER TYPE | |
| Carrier type term | volume |
| 490 1# - SERIES STATEMENT | |
| Series statement | Little boost. |
| 500 ## - GENERAL NOTE | |
| General note | "A Capstone imprint." |
| 500 ## - GENERAL NOTE | |
| General note | Originally published in a different format: Mankato, Minn. : Picture Window Books, 2011. |
| 520 ## - SUMMARY, ETC. | |
| Summary, etc | Pete has horrible manners, but when his family begins imitating him, he realizes that manners are important. |
| 650 #0 - SUBJECT ADDED ENTRY--TOPICAL TERM | |
| Topical term or geographic name as entry element | Etiquette |
| Form subdivision | Juvenile fiction. |
| 9 (RLIN) | 5673640 |
| 650 #0 - SUBJECT ADDED ENTRY--TOPICAL TERM | |
| Topical term or geographic name as entry element | Conduct of life |
| Form subdivision | Juvenile fiction. |
| 9 (RLIN) | 5675513 |
| 650 #0 - SUBJECT ADDED ENTRY--TOPICAL TERM | |
| Topical term or geographic name as entry element | Families |
| Form subdivision | Juvenile fiction. |
| 9 (RLIN) | 5674031 |
| 650 #0 - SUBJECT ADDED ENTRY--TOPICAL TERM | |
| Topical term or geographic name as entry element | Animals |
| Form subdivision | Juvenile fiction. |
| 9 (RLIN) | 5678723 |
| 650 #0 - SUBJECT ADDED ENTRY--TOPICAL TERM | |
| Topical term or geographic name as entry element | Human behavior |
| Form subdivision | Juvenile fiction. |
| 9 (RLIN) | 5707448 |
| 700 1# - ADDED ENTRY--PERSONAL NAME | |
| Personal name | Watson, Richard, |
| Dates associated with a name | 1980- |
| Relator term | illustrator. |
| 9 (RLIN) | 5707449 |
| 830 #0 - SERIES ADDED ENTRY--UNIFORM TITLE | |
| Uniform title | Little boost. |
| 9 (RLIN) | 5707450 |
| 907 ## - LOCAL DATA ELEMENT G, LDG (RLIN) | |
| a | .b338196973 |
| 942 ## - ADDED ENTRY ELEMENTS (KOHA) | |
| Source of classification or shelving scheme | Dewey Decimal Classification |
| Item type | BOOK |
| Withdrawn status | Lost status | Source of classification or shelving scheme | Damaged status | Not for loan | Collection code | Home library | Current library | Shelving location | Date acquired | Source of acquisition | Cost, normal purchase price | Total Checkouts | Total Renewals | Full call number | Barcode | Checked out | Date last seen | Date last borrowed | Cost, replacement price | Price effective from | Koha item type |
|---|---|---|---|---|---|---|---|---|---|---|---|---|---|---|---|---|---|---|---|---|---|
| Dewey Decimal Classification | Children NonFiction | Wasatch County Library | Wasatch County Library | Main Floor Childrens Area | 03/01/2017 | AMAZON | 9.99 | 26 | 8 | E Social Manners Bracken | 34301001487422 | 03/18/2026 | 01/20/2026 | 01/20/2026 | 9.99 | 03/20/2020 | BOOK |
